Οι κοινωνικές επιστήμες σήμερα : διλήμματα και προοπτικές πέρα από την κρίση
Αποθηκεύτηκε σε:
| Άλλοι συγγραφείς: | |
|---|---|
| Μορφή: | Βιβλίο |
| Γλώσσα: | Greek |
| Δημοσίευση: |
Μυτιλήνη :
Πανεπιστήμιο Αιγαίου, Σχολή Κοινωνικών Επιστημών,
c2023.
|
| Θέματα: | |
| Ετικέτες: |
Προσθήκη ετικέτας
Δεν υπάρχουν, Καταχωρήστε ετικέτα πρώτοι!
|
MARC
| LEADER | 00000nam a2200000 a 4500 | ||
|---|---|---|---|
| 001 | 1/127063 | ||
| 008 | 230719s2023####gr da ||| |||| ||gre|| | ||
| 020 | |a 9786188220898 |q (τ. 1) | ||
| 020 | |a 9786188581807 |q (τ. 2) | ||
| 040 | |a GR-MyUa |b gre |c GR-MyUa |e AACR2 | ||
| 041 | 0 | |a gre | |
| 082 | 7 | |a 300 |2 (23) | |
| 245 | 0 | 3 | |a Οι κοινωνικές επιστήμες σήμερα : |b διλήμματα και προοπτικές πέρα από την κρίση / |c επιστημονική επιμέλεια Νίκος Ναγόπουλος ; εκδοτική επιμέλεια Νάσια Χουρμουζιάδη, Δημήτρης Παρασκευόπουλος, Βασιλική Κατσαμάκα. |
| 260 | |a Μυτιλήνη : |b Πανεπιστήμιο Αιγαίου, Σχολή Κοινωνικών Επιστημών, |c c2023. | ||
| 300 | |a 2 τ. : |b πιν., εικ. ; |c 24 εκ. | ||
| 504 | |a Περιλαμβάνει βιβλιογραφικές παραπομπές. | ||
| 650 | 0 | |a Social sciences | |
| 700 | 1 | |a Ναγόπουλος, Νίκος, |e edt | |
| 852 | |a INST |b LESVOS |e 20230719 |h 300 ΚΟΙ |p 005100064919 |q 005100064919 |t BK |v τ.1: |y 0 | ||
| 852 | |a INST |b LESVOS |e 20230719 |h 300 ΚΟΙ |p 005100064922 |q 005100064922 |t BK |v τ.2: |y 0 | ||
| 852 | |a INST |b LESVOS |e 20230719 |h 300 ΚΟΙ |p 005100064923 |q 005100064923 |t BK |v τ.1: |y 0 | ||
| 852 | |a INST |b LESVOS |e 20230719 |h 300 ΚΟΙ |p 005100064924 |q 005100064924 |t BK |v τ.2: |y 0 | ||
| 853 | |a INST |b LESVOS |h 300 ΚΟΙ | ||
| 970 | |a Καμάτσου |b Δέσποινα |z 19-07-2023 | ||